U-Bahn London: Victoria Line - Statistiken

Allgemein
  • Dieses Quiz wurde 22 mal gespielt
  • Das Durchschnittsergebnis liegt bei 9 aus 16
Antwortstatistiken
Hint Antwort % Korrekt
Stationen King's Cross St. Pancras C H M N P
80%
Stationen Victoria C D
73%
Stationen Brixton
60%
Stationen Green Park J P
60%
Stationen Vauxhall
60%
Stationen Walthamstow Central O
60%
Stationen Euston N
53%
Stationen Highbury & Islington O
53%
Stationen Oxford Circus B C
53%
Stationen Pimlico
53%
Stationen Seven Sisters O
53%
Stationen Warren Street N
53%
Stationen Finsbury Park P
47%
Stationen Stockwell N
47%
Stationen Blackhorse Road O
40%
Stationen Tottenham Hale
40%
Keine übereinstimmenden Quizze gefunden
Verteilung der Resultate
Anzahl Personen mit jedem Resultat
Perzentil nach korrekt beantworteten Fragen
Ihre Resultats-Entwicklung
Sie haben dieses Quiz noch nicht gespielt